| 000 | 00632nam a2200193Ii 4500 | ||
|---|---|---|---|
| 003 | JO-AjNU | ||
| 008 | 230605s9999||||xx |||||||||||||| ||und|| | ||
| 040 |
_aJO-AjNU _bara _erda _cJO-AjNU |
||
| 041 | _aara | ||
| 050 | 1 | 4 | _aQK714.N36 |
| 100 | 3 |
_aالنمر، احمد, _eauthor _940545 |
|
| 245 | 0 | 0 | _aسلسلة الوحدات الدراسية في تدريس العلوم |
| 264 | 3 | 1 | _aالقاهرة:دار المطبوعات ، 1900 |
| 300 | _a294ص | ||
| 336 |
_atext _btxt _2rdacontent |
||
| 337 |
_aunmediated _bn _2rdamedia |
||
| 338 |
_avolume _bnc _2rdacarrier |
||
| 650 | 4 |
_aالعلوم -تعلم وتعليم _940546 |
|
| 999 |
_aA17216 _c20784 _d20784 |
||